Neuere Entwicklungen in der Wirtschaftsethik und Wirtschaftsphilosophie
| Contributors: | |
|---|---|
| Format: | Print Book |
| Language: | German |
| Subito Delivery Service: | Order now. |
| Check availability: | HBZ Gateway |
| WorldCat: | WorldCat |
| Interlibrary Loan: | Interlibrary Loan for the Fachinformationsdienste (Specialized Information Services in Germany) |
| Published: |
Berlin Heidelberg [u.a.]
Springer
1992
|
| In: | Year: 1992 |
| Series/Journal: | Studies in economic ethics and philosophy
|
| Standardized Subjects / Keyword chains: | B
Economic ethics
|
| Further subjects: | B
Collection of essays
B Business Ethics B Economics Moral and ethical aspects B Theory B Economics Philosophy B Economic ethics B Economic philosophy B Philosophy and the social sciences |
| Online Access: |
Table of Contents |
MARC
| LEADER | 00000cam a2200000 c 4500 | ||
|---|---|---|---|
| 001 | 027081559 | ||
| 003 | DE-627 | ||
| 005 | 20250822173355.0 | ||
| 007 | tu | ||
| 008 | 920810s1992 gw ||||| 00| ||ger c | ||
| 015 | |a 92,N21,0032 |2 dnb | ||
| 015 | |a 92,A36,0405 |2 dnb | ||
| 016 | 7 | |a 920475388 |2 DE-101 | |
| 020 | |a 3540553681 |9 3-540-55368-1 | ||
| 035 | |a (DE-627)027081559 | ||
| 035 | |a (DE-576)028591844 | ||
| 035 | |a (DE-599)GBV027081559 | ||
| 035 | |a (OCoLC)246794341 | ||
| 040 | |a DE-627 |b ger |c DE-627 |e rakwb | ||
| 041 | |a ger | ||
| 044 | |c XA-DE |c XD-US |c XA-GB | ||
| 050 | 0 | |a HB72 | |
| 084 | |a 17 |a 10 |a 12 |2 sdnb | ||
| 084 | |a 1 |2 ssgn | ||
| 084 | |a QC 010 |2 rvk |0 (DE-625)rvk/141236: | ||
| 084 | |a CC 7200 |2 rvk |0 (DE-625)rvk/17672: | ||
| 084 | |a CC 7750 |2 rvk |0 (DE-625)rvk/17690: | ||
| 084 | |a BL 8020 |2 rvk |0 (DE-625)rvk/12318: | ||
| 084 | |a 83.02 |2 bkl | ||
| 245 | 0 | 0 | |a Neuere Entwicklungen in der Wirtschaftsethik und Wirtschaftsphilosophie |c Peter Koslowski (Hrsg.) |
| 264 | 1 | |a Berlin |a Heidelberg [u.a.] |b Springer |c 1992 | |
| 300 | |a 286 S. |b Ill., graph. Darst. |c 24 cm | ||
| 336 | |a Text |b txt |2 rdacontent | ||
| 337 | |a ohne Hilfsmittel zu benutzen |b n |2 rdamedia | ||
| 338 | |a Band |b nc |2 rdacarrier | ||
| 490 | 0 | |a Studies in economic ethics and philosophy | |
| 500 | |a Literaturangaben | ||
| 505 | 8 | |a Enth. 12 Beitr. | |
| 583 | 1 | |a Archivierung/Langzeitarchivierung gewährleistet |f PEBW |x XA-DE-BW |2 pdager |5 DE-31 | |
| 583 | 1 | |a Archivierung/Langzeitarchivierung gewährleistet |f SSG |x XA-DE-BW |2 pdager |5 DE-21 | |
| 601 | |a Wirtschaftsphilosophie | ||
| 650 | 7 | |8 1.1\x |a Wirtschaftsethik |0 (DE-627)091400902 |0 (DE-2867)18130-4 |2 stw | |
| 650 | 7 | |8 1.2\x |a Wirtschaftsphilosophie |0 (DE-627)091401135 |0 (DE-2867)19734-2 |2 stw | |
| 650 | 7 | |8 1.3\x |a Theorie |0 (DE-627)091394902 |0 (DE-2867)19073-6 |2 stw | |
| 650 | 0 | |a Business Ethics | |
| 650 | 0 | |a Philosophy and the social sciences | |
| 650 | 0 | |a Economics |x Moral and ethical aspects | |
| 650 | 0 | |a Economics |x Philosophy | |
| 655 | 7 | |a Aufsatzsammlung |0 (DE-588)4143413-4 |0 (DE-627)105605727 |0 (DE-576)209726091 |2 gnd-content | |
| 689 | 0 | 0 | |d s |0 (DE-588)4066439-9 |0 (DE-627)104137525 |0 (DE-576)209164603 |2 gnd |a Wirtschaftsethik |
| 689 | 0 | |5 DE-101 | |
| 700 | 1 | |e Hrsg. |0 (DE-588)119146940 |0 (DE-627)079942555 |0 (DE-576)161800122 |4 edt |a Koslowski, Peter |d 1952-2012 | |
| 856 | 4 | 2 | |u http://www.gbv.de/dms/hebis-darmstadt/toc/20282249.pdf |m V:DE-603 |m B:DE-17 |q pdf/application |x Verlag |y Inhaltsverzeichnis |3 Inhaltsverzeichnis |7 1 |
| 889 | |w (DE-627)276599713 | ||
| 889 | |w (DE-627)256743029 | ||
| 889 | |w (DE-627)117901628 | ||
| 935 | |a mteo | ||
| 935 | |i Blocktest | ||
| 936 | r | v | |a QC 010 |b Mensch und Wirtschaft. Wirtschaftliches Verhalten. Motivation. Wirtschaftsethik |k Wirtschaftswissenschaften |k Wirtschaftstheorie, einschließlich Geldtheorie |k Mensch und Wirtschaft. Wirtschaftliches Verhalten. Motivation. Wirtschaftsethik |0 (DE-627)1271174472 |0 (DE-625)rvk/141236: |0 (DE-576)201174472 |
| 936 | r | v | |a CC 7200 |b Abhandlungen |k Philosophie |k Systematische Philosophie |k Ethik |k Abhandlungen |0 (DE-627)1270639072 |0 (DE-625)rvk/17672: |0 (DE-576)200639072 |
| 936 | r | v | |a CC 7750 |b Soziologie, Ökonomie |k Philosophie |k Systematische Philosophie |k Rechts-, Gesellschafts- und Staatsphilosophie |k Soziologie, Ökonomie |0 (DE-627)127063917X |0 (DE-625)rvk/17690: |0 (DE-576)20063917X |
| 936 | r | v | |a BL 8020 |b Wirtschaftsethik |k Theologie und Religionswissenschaften |k Christliche Gesellschaftslehre |k Wirtschaft |k Wirtschaftsethik |0 (DE-627)1270729446 |0 (DE-625)rvk/12318: |0 (DE-576)200729446 |
| 936 | b | k | |a 83.02 |j Philosophie und Theorie der Volkswirtschaft |0 (DE-627)18157070X |
| 951 | |a BO | ||
| ACO | |a 1 | ||
| ELC | |b 1 | ||
| ITA | |a 1 |t 1 | ||
| LOK | |0 000 xxxxxcx a22 zn 4500 | ||
| LOK | |0 001 3121223690 | ||
| LOK | |0 003 DE-627 | ||
| LOK | |0 004 027081559 | ||
| LOK | |0 005 20020413000000 | ||
| LOK | |0 008 920909||||||||||||||||ger||||||| | ||
| LOK | |0 040 |a DE-21 |c DE-627 |d DE-21 | ||
| LOK | |0 852 |a DE-21 | ||
| LOK | |0 852 1 |c 32 A 10820 |9 00 | ||
| LOK | |0 939 |a 09-09-92 |b l01 | ||
| LOK | |0 000 xxxxxcx a22 zn 4500 | ||
| LOK | |0 001 3121223836 | ||
| LOK | |0 003 DE-627 | ||
| LOK | |0 004 027081559 | ||
| LOK | |0 005 20100408045707 | ||
| LOK | |0 008 990325||||||||||||||||ger||||||| | ||
| LOK | |0 040 |a DE-21-31 |c DE-627 |d DE-21-31 | ||
| LOK | |0 541 |e 15222/92 (CG) | ||
| LOK | |0 852 |a DE-21-31 | ||
| LOK | |0 852 1 |c Mn VIII 27 |m p |9 00 | ||
| LOK | |0 938 |k p | ||
| LOK | |0 939 |a 25-03-99 |b l01 | ||
| LOK | |0 000 xxxxxcx a22 zn 4500 | ||
| LOK | |0 001 3121223852 | ||
| LOK | |0 003 DE-627 | ||
| LOK | |0 004 027081559 | ||
| LOK | |0 005 20140807095257 | ||
| LOK | |0 008 140807||||||||||||||||ger||||||| | ||
| LOK | |0 040 |a DE-21-121 |c DE-627 |d DE-21-121 | ||
| LOK | |0 541 |e 1993/2500 | ||
| LOK | |0 689 |a s |a Wirtschaftsethik | ||
| LOK | |0 689 |a s |a Marktwirtschaft | ||
| LOK | |0 689 |a s |a Unternehmensethik | ||
| LOK | |0 689 |a s |a Sozialethik | ||
| LOK | |0 689 |a s |a theologische Ethik | ||
| LOK | |0 852 |a DE-21-121 | ||
| LOK | |0 852 1 |c EuW C.2. 14 |m p |9 00 | ||
| LOK | |0 866 |x Bibdia: 9279 | ||
| LOK | |0 935 |a k121 |a i121 | ||
| LOK | |0 938 |k p | ||
| LOK | |0 939 |a 07-08-14 |b l01 | ||
| ORI | |a SA-MARC-ixtheoa001.raw | ||
| STA | 0 | 0 | |a Economic ethics,Economic ethics,Economic philosophy,Philosophy of economics,Theory |
| STB | 0 | 0 | |a Philosophie économique,Théorie,Éthique économique,Éthique économique |
| STC | 0 | 0 | |a Filosofía económica,Teoría,Ética económica,Ética económica |
| STD | 0 | 0 | |a Etica economica,Etica economica,Filosofia economica,Teoria |
| STE | 0 | 0 | |a 理论,经济伦理,经济伦理,经济哲学 |
| STF | 0 | 0 | |a 理論,經濟倫理,經濟倫理,經濟哲學 |
| STG | 0 | 0 | |a Filosofia econômica,Teoria,Ética econômica,Ética econômica |
| STH | 0 | 0 | |a Теория,Философия экономики,Экономическая этика (мотив),Экономическая этика |
| STI | 0 | 0 | |a Θεωρία,Οικονομική ηθική (μοτίβο),Οικονομική ηθική,Οικονομική φιλοσοφία |
| SYE | 0 | 0 | |a Wirtschaft - Wirtschaftsethik,Economic ethics,Wirtschaftsmoral,Wirtschaft , Wirtschaft , Theorien,Theorien |
| SYG | 0 | 0 | |a Wirtschaft - Wirtschaftsethik,Economic ethics,Wirtschaftsmoral,Wirtschaft |